Smart kontrakty na použitie Crowdfundingu

Salvato in:
Dettagli Bibliografici
Autore principale: Hodor, Tomáš (Autore)
Altri autori: Čavojský, Maroš (Relatore della tesi)
Natura: Manoscritto Libro
Lingua:slovacco
Pubblicazione: Bratislava : STU v Bratislave FEI, 2022
Soggetti:
Accesso online:https://opac.crzp.sk/?fn=detailBiblioFormChildY9B0E&sid=7E432E204D1F6C32995C8A3802D8&seo=CRZP-detail-kniha
Tags: Aggiungi Tag
Nessun Tag, puoi essere il primo ad aggiungerne!!

MARC

LEADER 00000ntm a22000003a 4500
001 stuzp86954
003 SK-STU
005 20230206111109.8
007 ta
008 150427s2015----xo-----f-mn---000-0-slo-d
040 |a STU  |b slo 
041 0 |a slo 
044 |a xo 
100 1 |a Hodor, Tomáš  |u 035000  |4 aut  |U FEI Fakulta elektrotechniky a informatiky  |T FEI Ústav informatiky a matematiky  |X 79554  |U E050  |Y 816  |7 79554 
242 0 1 |a Smart contracts for Crowdfunding  |y eng 
245 1 0 |a Smart kontrakty na použitie Crowdfundingu 
260 |a Bratislava :  |b STU v Bratislave FEI,  |c 2022 
300 |a 70 s., príl. 
650 4 |a Smart kontrakt  |2 slo 
650 4 |a Crowdfunding  |2 slo 
650 4 |a Blockchain  |2 slo 
650 4 |a Smart contract  |2 eng 
650 4 |a Crowdfunding  |2 eng 
650 4 |a Blockchain  |2 eng 
700 1 |a Čavojský, Maroš  |u 035000  |k Z1  |4 ths  |U FEI Fakulta elektrotechniky a informatiky  |T FEI Ústav informatiky a matematiky  |X 64790  |U E050  |Y 816  |7 A000064790 
856 4 |u https://opac.crzp.sk/?fn=detailBiblioFormChildY9B0E&sid=7E432E204D1F6C32995C8A3802D8&seo=CRZP-detail-kniha